000 00515nam a2200181Ia 4500
005 20250508152815.0
008 008 250505s9999 xx 000 0 hin d
037 _aTextual
040 _aFEDL
_beng
_cFEDL
041 _ahin
_2eng
084 _a954, SIN
_qFEDL
100 _aSinghal Madan Gopal
_9762433
245 0 _a1857: Bharat ke pratham swatantrata yudh ki kahani
260 _aMeerut, India
_bGopal Prakashan
_c1956
300 _a84p.
942 _cTEXL
_h954, SIN
999 _c1338876
_d1338876